| 000 | 00728cam a2200241 a 4500 | ||
|---|---|---|---|
| 001 | 1199884 | ||
| 005 | 20180223080825.0 | ||
| 008 | 980814s1998 vau b 001 0 eng | ||
| 010 | _a 98040095 | ||
| 020 | _a0871203073 (pbk.) | ||
| 040 |
_aDLC _cDLC _dDLC |
||
| 041 | _aeng | ||
| 043 | _an-us--- | ||
| 080 | _a371.200973 LAM | ||
| 082 | 0 | 0 |
_a371.200973 LAM _221 |
| 100 | 1 | _a54 | |
| 101 | _aLID | ||
| 245 | 1 | 0 |
_aBuilding leadership capacity in schools / _cLinda Lambert. |
| 504 | _aIncludes bibliographical references (p. 126-130) and index. | ||
| 906 |
_a7 _bcbc _corignew _d1 _eocip _f19 _gy-gencatlg |
||
| 942 |
_2ddc _cBK |
||
| 999 |
_c43288 _d43288 |
||